General relativity and relativistic astrophysics / (Record no. 69925)
[ view plain ]
| 000 -LEADER | |
|---|---|
| fixed length control field | 00891nam a2200277 a 4500 |
| 001 - CONTROL NUMBER | |
| control field | 69925 |
| 003 - CONTROL NUMBER IDENTIFIER | |
| rucl marc code | BD-RjUL |
| 005 - DATE AND TIME OF LATEST TRANSACTION | |
| control field | 20211209081939.0 |
| 008 - FIXED-LENGTH DATA ELEMENTS--GENERAL INFORMATION | |
| fixed length control field | 170415s1984 wb a b 001 0 eng d |
| 020 ## - INTERNATIONAL STANDARD BOOK NUMBER | |
| International Standard Book Number | 3540130101 (Tokyo) |
| International Standard Book Number | 0387130101 (Berlin) |
| 035 ## - SYSTEM CONTROL NUMBER | |
| System control number | (BD-RjUL)70137 |
| 040 ## - CATALOGING SOURCE | |
| Original cataloging agency | BD-RjUL |
| Language of cataloging | eng |
| Transcribing agency | BD-RjUL |
| Modifying agency | BD-RjUL |
| 041 ## - LANGUAGE CODE | |
| Language code of text/sound track or separate title | eng |
| 082 ## - DEWEY DECIMAL CLASSIFICATION NUMBER | |
| Edition number | 23 |
| Classification number | 530.11 |
| Author mark and year | STG 1984 |
| 100 1# - MAIN ENTRY--PERSONAL NAME | |
| Personal name | Straumann, Norbert. |
| Dates associated with a name | 1936- |
| 9 (RLIN) | 207103 |
| 245 10 - TITLE STATEMENT | |
| Title | General relativity and relativistic astrophysics / |
| Statement of responsibility, etc. | Norbert Straumann |
| 260 ## - PUBLICATION, DISTRIBUTION, ETC. (IMPRINT) | |
| Place of publication, distribution, etc. | Berlin : |
| Name of publisher, distributor, etc. | Springer-Verlag, |
| Date of publication, distribution, etc. | c1984. |
| 300 ## - PHYSICAL DESCRIPTION | |
| Pagination | xiii, 459 p. : |
| Illustrations | ill. ; |
| Size | 24 cm. |
| 490 1# - SERIES STATEMENT | |
| Series statement | Texts and monographs in physics. |
| 504 ## - BIBLIOGRAPHY, ETC. NOTE | |
| Bibliography, etc | Includes bibliographies and indexes. |
| 650 #0 - SUBJECT ADDED ENTRY--TOPICAL TERM | |
| Topical term or geographic name as entry element | General relativity (Physics). |
| 9 (RLIN) | 156548 |
| Topical term or geographic name as entry element | Astrophysics. |
| 9 (RLIN) | 207104 |
| 830 #0 - SERIES ADDED ENTRY--UNIFORM TITLE | |
| Uniform title | Texts and monographs in physics. |
| 942 ## - ADDED ENTRY ELEMENTS (KOHA) | |
| Source of classification or shelving scheme | Dewey Decimal Classification |
| Koha item type | Books |
| Lost status | Source of classification or shelving scheme | Damaged status | Not for loan | Collection code | Permanent Location | Current Location | Shelving location | Date acquired | Source of acquisition | Cost, normal purchase price | Total Checkouts | Full call number | Date last seen | Copy number | Koha item type |
|---|---|---|---|---|---|---|---|---|---|---|---|---|---|---|---|
| Dewey Decimal Classification | Not For Loan | Non-fiction | Central Library, University of Rajshahi | Central Library, University of Rajshahi | Reading Room | 06/07/2013 | Space Marketing, Dhaka. | 10080.00 | 530.11 STG 1984 | 15/04/2017 | C-1 | Books |